Violence in war and peace : (Record no. 7108)

MARC details
000 -LEADER
fixed length control field 01015nac a22002771u 4500
010 ## - LIBRARY OF CONGRESS CONTROL NUMBER
LC control number 2003045324
020 ## - INTERNATIONAL STANDARD BOOK NUMBER
International Standard Book Number 0631223487 (alk. paper)
020 ## - INTERNATIONAL STANDARD BOOK NUMBER
International Standard Book Number 0631223495 (pbk. : alk. paper)
082 00 - DEWEY DECIMAL CLASSIFICATION NUMBER
Classification number 303.6
Item number SCH
090 ## - LOCALLY ASSIGNED LC-TYPE CALL NUMBER (OCLC); LOCAL CALL NUMBER (OCLC)
-- 7108
-- 7108
100 ## - MAIN ENTRY--PERSONAL NAME
Personal name 20080729
245 00 - TITLE STATEMENT
Title Violence in war and peace :
Remainder of title an anthology /
Statement of responsibility, etc edited by Nancy Scheper-Hughes and Philippe Bourgois.
260 ## - PUBLICATION, DISTRIBUTION, ETC. (IMPRINT)
Place of publication, distribution, etc Malden, MA :
Name of publisher, distributor, etc Blackwell Pub.,2004
Date of publication, distribution, etc 2004.
300 ## - PHYSICAL DESCRIPTION
Extent 496p.:
Other physical details ill.;
Dimensions 23 cm.
440 #0 -
-- Blackwell readers in anthropology ;
-- 5
500 ## - GENERAL NOTE
General note distributed by: Al-Ahram
504 ## - BIBLIOGRAPHY, ETC. NOTE
Bibliography, etc Includes bibliographical references and index.
511 ## - PARTICIPANT OR PERFORMER NOTE
Participant or performer note catalogued by: wesssam
650 #0 - SUBJECT ADDED ENTRY--TOPICAL TERM
Topical term or geographic name as entry element Violence.
650 #0 - SUBJECT ADDED ENTRY--TOPICAL TERM
Topical term or geographic name as entry element Genocide.
650 #0 - SUBJECT ADDED ENTRY--TOPICAL TERM
Topical term or geographic name as entry element Political violence.
700 1# - ADDED ENTRY--PERSONAL NAME
Personal name Scheper-Hughes, Nancy.
700 1# - ADDED ENTRY--PERSONAL NAME
Personal name Bourgois, Philippe I.,
Dates associated with a name 1956-
942 ## - ADDED ENTRY ELEMENTS (KOHA)
Item type Book - Borrowing
Call number prefix 303.6SCH
Holdings
Withdrawn status Item status Damaged status Not for loan Home library Current library Shelving location Date acquired Source of acquisition Total Checkouts Full call number Barcode Date last seen Date last borrowed Koha item type Total Renewals Checked out Cost, replacement price
        Central Library Central Library First floor 03/01/2008 Purchase 3 303.6SCH 000008231 15/07/2025 27/10/2015 Book - Borrowing      
        Central Library Central Library First floor 03/01/2008 Purchase 6 303.6SCH 000011216 05/11/2023 05/11/2023 Book - Borrowing 14 30/12/2025 237.90